| 000 | 01800cam a2200409 ib4500 | ||
|---|---|---|---|
| 999 |
_c3960 _d3960 |
||
| 001 | 769188 | ||
| 003 | INLPI | ||
| 005 | 20241128092409.0 | ||
| 008 | 171211t20212018nyua c 6 000 f eng d | ||
| 020 |
_a9781338741070 _q(hardback) : _cUS$12.99 |
||
| 020 |
_a9780545935173 _q(hardback) |
||
| 020 |
_a0545935172 _q(hardback) |
||
| 020 |
_a9781338290912 _q(library binding) |
||
| 020 |
_a1338290916 _q(library binding) |
||
| 040 |
_aTOH _beng _cNLPI _dNLPI _erda |
||
| 042 | _anbic | ||
| 082 | 0 | _a741.5973 PIL | |
| 100 | 1 |
_aPilkey, Dav, _d1966- _eauthor. |
|
| 245 | 1 | 0 |
_aDog man : Lord of the fleas / _cwritten and illustrated by Dav Pilkey, as George Beard and Harold Hutchins ; with color by Jose Garibaldi. |
| 264 | 1 |
_aNew York, New York : _bGraphix, an imprint of Scholastic Inc., _c2021. |
|
| 264 | 4 | _c©2018. | |
| 300 |
_a251 pages : _bcolor illustrations ; _c22 cm. |
||
| 336 |
_atext _btxt _2rdacontent. |
||
| 336 |
_astill image _bsti _2rdacontent. |
||
| 337 |
_aunmediated _bn _2rdamedia. |
||
| 338 |
_avolume _bnc _2rdacarrier. |
||
| 490 | 1 |
_aDog Man ; _v5. |
|
| 500 | _a"Tree-house comix proudly presents."--Title page. | ||
| 520 | 8 | _aWhen a new bunch of baddies bust up the town, Dog Man is called into action -- and this time he isn't alone. With a cute kitten and a remarkable robot by his side, our heroes must save the day by joining forces with an unlikely ally : Petey, the World's Most Evil Cat. But can the villainous Petey avoid vengeance and venture into virtue? | |
| 600 | 0 | 0 |
_aDog Man (Fictitious character) _vComic books, strips, etc. |
| 650 | 0 |
_aDogs _vComic books, strips, etc. |
|
| 650 | 0 |
_aCats _vComic books, strips, etc. |
|
| 650 | 0 |
_aPolice _vComic books, strips, etc. |
|
| 700 | 1 |
_aGaribaldi, Jose, _ecolorist. |
|
| 800 | 1 |
_aDog Man ; _v5. |
|
| 942 |
_2ddc _cNFIC |
||